[Event "XV Konik Morski Rewala - Open B"]
[Site "Rewal"]
[Date "2010.08.27"]
[Round "8.37"]
[White "Statucki, Maciej"]
[Black "Cwik, Jacek"]
[Result "1-0"]
[WhiteElo "1832"]
[BlackElo "1701"]
[PlyCount "69"]
[EventDate "2010.??.??"]

1. e4 e5 2. Nf3 Nf6 3. Nxe5 d6 4. Nf3 Nxe4 5. c4 d5 6. Nc3 Nxc3 7. bxc3 Be6 8.
cxd5 Bxd5 9. Be2 Be7 10. O-O O-O 11. d4 Bf6 12. Be3 c5 13. Qd3 Nc6 14. Rfd1 Qa5
15. Rab1 b6 16. c4 Bxf3 17. Bxf3 Rac8 18. Be4 g6 19. d5 Nb4 20. Qe2 Nxa2 21.
Bd2 Bc3 22. Bh6 Bg7 23. Bxg7 Kxg7 24. Qb2+ Qc3 25. Qxa2 Rfe8 26. Bf3 Re7 27.
Rbc1 Rce8 28. h3 Re1+ 29. Rxe1 Rxe1+ 30. Rxe1 Qxe1+ 31. Kh2 a5 32. Qb2+ Kh6 33.
d6 a4 34. d7 Qe7 35. Qd2+ 1-0

[Event "XV Konik Morski Rewala - Open B"]
[Site "Rewal"]
[Date "2010.08.27"]
[Round "8.38"]
[White "Dziodzio, Angelika"]
[Black "Wojna, Natalia"]
[Result "1-0"]
[WhiteElo "1820"]
[BlackElo "1527"]
[PlyCount "67"]
[EventDate "2010.??.??"]

1. e4 c5 2. Nf3 Nc6 3. Bb5 e6 4. O-O Nf6 5. Re1 Be7 6. c3 O-O 7. d4 d5 8. e5
Ne4 9. Bd3 f5 10. exf6 Nxf6 11. Ng5 c4 12. Bc2 Qd6 13. Qe2 Nd8 14. Nd2 h6 15.
Ngf3 Nd7 16. Nf1 Bf6 17. Ng3 Nb6 18. Nh5 Bd7 19. Bf4 Qe7 20. Ne5 Be8 21. Bg3
Nd7 22. Ng6 Bxg6 23. Bxg6 Bg5 24. f4 Bh4 25. f5 Bxg3 26. Nxg3 Qf6 27. fxe6 Qxg6
28. exd7 Qf7 29. Qg4 Nc6 30. Rf1 Qe7 31. Nf5 Qg5 32. Qe2 Rad8 33. Qe6+ Kh8 34.
Nd6 1-0

[Event "XV Konik Morski Rewala - Open B"]
[Site "Rewal"]
[Date "2010.08.27"]
[Round "8.39"]
[White "Poswiatowski, Stanislaw"]
[Black "Czornik, Janusz"]
[Result "0-1"]
[WhiteElo "1667"]
[BlackElo "1814"]
[PlyCount "112"]
[EventDate "2010.??.??"]

1. d4 Nf6 2. Nf3 g6 3. Bg5 Ne4 4. Bf4 d5 5. e3 Bg7 6. Nbd2 Nd7 7. c4 Ndf6 8.
cxd5 Nxd2 9. Qxd2 Nxd5 10. Bg3 c6 11. Bd3 O-O 12. O-O Qb6 13. Rac1 Rd8 14. Qe2
Bg4 15. h3 Bxf3 16. gxf3 Rac8 17. f4 e6 18. Bb1 Ne7 19. Bh4 Rd7 20. Rc2 Nf5 21.
Bg3 c5 22. Qd2 Rcc7 23. Rfc1 cxd4 24. Rxc7 Rxc7 25. Rxc7 Qxc7 26. Bxf5 exf5 27.
exd4 Qb6 28. d5 Qxb2 29. Qe3 Qb1+ 30. Kh2 Qe4 31. Qd2 Qd4 32. Qa5 Qb6 33. Qd2
Qd6 34. f3 Bh6 35. h4 Kf8 36. Qd4 f6 37. Qc4 Ke7 38. Kg2 Kd8 39. a4 b6 40. Kh3
Kd7 41. Qb5+ Kc7 42. Qc4+ Qc5 43. Qa6 Qxd5 44. Qxa7+ Qb7 45. Qxb7+ Kxb7 46. Bh2
Ka6 47. Kg3 Bf8 48. Kf2 Ka5 49. Ke2 Kxa4 50. Kd3 b5 51. Kc2 g5 52. h5 gxf4 53.
Bxf4 b4 54. Bc1 b3+ 55. Kb1 Bc5 56. Bd2 Bd4 0-1

[Event "XV Konik Morski Rewala - Open B"]
[Site "Rewal"]
[Date "2010.08.27"]
[Round "8.40"]
[White "Nun, Joanna"]
[Black "Kaczmarek, Alicja"]
[Result "1/2-1/2"]
[WhiteElo "1564"]
[BlackElo "1806"]
[PlyCount "95"]
[EventDate "2010.??.??"]

1. e4 c5 2. Nf3 e6 3. d4 cxd4 4. Nxd4 a6 5. Bd3 Qc7 6. Be3 Nf6 7. a3 Nc6 8.
Nxc6 bxc6 9. f4 d6 10. Nd2 Bb7 11. Qe2 Be7 12. g4 Nd7 13. Qf2 c5 14. Rf1 d5 15.
c3 Nf6 16. Qg2 O-O-O 17. g5 Nd7 18. c4 d4 19. Bg1 Nb6 20. Rb1 Rhe8 21. b4 Na4
22. Bc2 Nc3 23. Rb3 Bc6 24. Nb1 Nxb1 25. Rxb1 d3 26. Bd1 f5 27. gxf6 Bxf6 28.
Kd2 Bd4 29. Rb3 cxb4 30. Rxb4 Qa5 31. Bxd4 Rxd4 32. Qxg7 Rxc4 33. Qe5 Qxe5 34.
fxe5 Rxb4 35. axb4 Bxe4 36. Bb3 Bf5 37. Bc4 Kb7 38. Ra1 Ra8 39. Bxd3 Bxd3 40.
Kxd3 Kb6 41. Rf1 Ra7 42. Rf6 Re7 43. Rf8 Kc6 44. Kc4 Kb6 45. Rb8+ Ka7 46. Rd8
Rc7+ 47. Kb3 Re7 48. Kc4 1/2-1/2

[Event "XV Konik Morski Rewala - Open B"]
[Site "Rewal"]
[Date "2010.08.27"]
[Round "8.41"]
[White "Botor, Michalina"]
[Black "Krolak, Dominika"]
[Result "1/2-1/2"]
[WhiteElo "1785"]
[BlackElo "1443"]
[PlyCount "43"]
[EventDate "2010.??.??"]

1. c4 c5 2. Nc3 Nc6 3. g3 Nf6 4. Bg2 d6 5. d3 e6 6. e4 Be7 7. Nge2 O-O 8. O-O
h6 9. Rb1 Nh7 10. f4 Bd7 11. Be3 Qc8 12. Qd2 f5 13. Kh1 e5 14. a3 fxe4 15. Nxe4
Bf5 16. N2c3 Nf6 17. Nxf6+ Bxf6 18. Ne4 Qd7 19. Rf2 Bh3 20. Bf3 Rad8 21. Rg1
exf4 22. gxf4 1/2-1/2

[Event "XV Konik Morski Rewala - Open B"]
[Site "Rewal"]
[Date "2010.08.27"]
[Round "8.42"]
[White "Stankowski, Aleksander"]
[Black "Mirski, Roman"]
[Result "1-0"]
[WhiteElo "1804"]
[BlackElo "1592"]
[PlyCount "53"]
[EventDate "2010.??.??"]

1. Nf3 Nf6 2. g3 d5 3. Bg2 e6 4. O-O Nbd7 5. d3 Bc5 6. Nc3 O-O 7. e4 d4 8. Ne2
e5 9. Nh4 Be7 10. f4 Ng4 11. Nf5 Ndf6 12. h3 Bxf5 13. exf5 Nd5 14. hxg4 exf4
15. Bxd5 Qxd5 16. Nxf4 Qb5 17. Qf3 Rad8 18. a4 Qc5 19. Rf2 c6 20. Bd2 Qb6 21.
Re1 Bd6 22. f6 g6 23. Qh1 Bxf4 24. gxf4 c5 25. Qh4 Rd5 26. Re5 Rd6 27. Rh2 1-0

[Event "XV Konik Morski Rewala - Open B"]
[Site "Rewal"]
[Date "2010.08.27"]
[Round "8.43"]
[White "Szczurek, Natalia"]
[Black "Szmer, Aleksander"]
[Result "1-0"]
[WhiteElo "1729"]
[BlackElo "1574"]
[PlyCount "71"]
[EventDate "2010.??.??"]

1. e4 c6 2. d4 d5 3. Nc3 g6 4. Be3 Bg7 5. e5 Bf5 6. Bd3 Bxd3 7. Qxd3 e6 8. f4
Ne7 9. Nf3 Nf5 10. Bf2 h5 11. g3 b5 12. h3 a5 13. Ke2 Nd7 14. g4 Ne7 15. Bh4
Qb6 16. Bxe7 Kxe7 17. f5 b4 18. f6+ Bxf6 19. exf6+ Nxf6 20. g5 Ne8 21. Nd1 Nd6
22. Ne3 Ne4 23. Rhg1 c5 24. dxc5 Qxc5 25. Nd2 Qc7 26. Nxe4 dxe4 27. Qxe4 Rhd8
28. Rad1 Rab8 29. Nd5+ Rxd5 30. Rxd5 Qh2+ 31. Rg2 Qc7 32. Rd2 Rc8 33. Qd4 Ke8
34. Rf2 Qb7 35. Qh8+ Ke7 36. Rxf7+ 1-0

[Event "XV Konik Morski Rewala - Open B"]
[Site "Rewal"]
[Date "2010.08.27"]
[Round "8.44"]
[White "Strek, Jaroslaw"]
[Black "Nun, Grzegorz"]
[Result "0-1"]
[WhiteElo "1568"]
[BlackElo "1721"]
[PlyCount "56"]
[EventDate "2010.??.??"]

1. d4 Nf6 2. c4 c5 3. d5 b5 4. Nc3 b4 5. Na4 d6 6. a3 Nbd7 7. Bd2 a5 8. e3 g6
9. Bd3 Ne5 10. Be2 Bg7 11. Qc2 Bf5 12. Qb3 O-O 13. Nf3 Ne4 14. Nxe5 Nxd2 15.
Kxd2 Bxe5 16. Bd3 Bd7 17. Rab1 Rb8 18. Kc2 Qe8 19. Nxc5 dxc5 20. Qa2 b3+ 21.
Qxb3 Rxb3 22. Kxb3 Ba4+ 23. Ka2 e6 24. f4 Bg7 25. e4 Qb8 26. b3 Qxf4 27. bxa4
Qd2+ 28. Kb3 Rb8# 0-1

[Event "XV Konik Morski Rewala - Open B"]
[Site "Rewal"]
[Date "2010.08.27"]
[Round "8.45"]
[White "Nun, Ryszard"]
[Black "Mirski, Roman (j)"]
[Result "1/2-1/2"]
[WhiteElo "1684"]
[BlackElo "1568"]
[PlyCount "77"]
[EventDate "2010.??.??"]

1. d4 Nf6 2. c4 g6 3. Nc3 Bg7 4. e4 d6 5. Nf3 Bg4 6. Be2 Bxf3 7. Bxf3 Nc6 8.
O-O O-O 9. Be3 Re8 10. e5 dxe5 11. Bxc6 bxc6 12. dxe5 Qxd1 13. Raxd1 Ng4 14.
Bd4 Nxe5 15. b3 c5 16. Bxe5 Bxe5 17. Ne4 Bd4 18. Rd3 a5 19. Rfd1 f5 20. Ng5 e5
21. Kf1 h6 22. Nf3 e4 23. Rxd4 exf3 24. Rd5 fxg2+ 25. Kxg2 Re2 26. R1d2 Rxd2
27. Rxd2 a4 28. Rd5 axb3 29. axb3 Rb8 30. Rxc5 Rxb3 31. Rxc7 Rc3 32. c5 Kf8 33.
Rc8+ Ke7 34. Rc6 g5 35. Rxh6 Rxc5 36. h4 g4 37. Rg6 Kf7 38. Rg5 Kf6 39. Rg8
1/2-1/2

[Event "XV Konik Morski Rewala - Open B"]
[Site "Rewal"]
[Date "2010.08.27"]
[Round "8.46"]
[White "Janik, Lidia"]
[Black "Kwasniewski, Pawel"]
[Result "1-0"]
[WhiteElo "1608"]
[BlackElo "1478"]
[PlyCount "57"]
[EventDate "2010.??.??"]

1. f4 Nf6 2. Nf3 e6 3. e3 d5 4. b3 Bd6 5. Bb2 Nbd7 6. Be2 O-O 7. O-O Qe7 8. Ne5
c6 9. d3 Ne8 10. Nd2 f6 11. Nxd7 Bxd7 12. e4 e5 13. f5 Bc5+ 14. Kh1 Nd6 15. Qe1
Be3 16. Bf3 d4 17. Ba3 Bxd2 18. Qxd2 b6 19. g4 c5 20. Rg1 g5 21. Qe1 Qg7 22.
Rg3 Kf7 23. b4 Nb5 24. Bb2 Rfc8 25. a4 Nc3 26. Bxc3 dxc3 27. Qxc3 cxb4 28. Qxb4
Rxc2 29. Qb3+ 1-0

[Event "XV Konik Morski Rewala - Open B"]
[Site "Rewal"]
[Date "2010.08.27"]
[Round "8.47"]
[White "Kopica, Paulina"]
[Black "Majdecki, Robert"]
[Result "1-0"]
[WhiteElo "1567"]
[BlackElo "1717"]
[PlyCount "115"]
[EventDate "2010.??.??"]

1. e4 e5 2. Nf3 Nc6 3. d4 exd4 4. Bc4 d6 5. Nxd4 Ne5 6. Be2 c5 7. Nf3 Be7 8.
Be3 b6 9. h3 Nf6 10. Nc3 O-O 11. O-O Bb7 12. Nd2 h6 13. f4 Nc6 14. Bf3 Rb8 15.
Qe1 Nh7 16. Nd5 Bf6 17. c3 Ne7 18. Nxf6+ Nxf6 19. Qg3 Kh8 20. Qh4 Ng6 21. Qg3
Re8 22. f5 Ne5 23. Qh4 Nxf3+ 24. gxf3 d5 25. Rad1 Qe7 26. Bf4 Rbc8 27. e5 Nh7
28. Qh5 Rg8 29. Kh2 g5 30. fxg6 Rxg6 31. Bxh6 Rcg8 32. Rg1 Qe6 33. Bf4 Bc8 34.
Rg4 Qf5 35. Qxf5 Bxf5 36. Rxg6 Rxg6 37. Nf1 Be6 38. Ne3 Ng5 39. Bxg5 Rxg5 40.
f4 Rh5 41. Nxd5 Rxh3+ 42. Kg2 c4 43. Nf6 Rd3 44. Rxd3 cxd3 45. Kf2 Bxa2 46. Ke3
Bc4 47. Ne4 Kg7 48. Nd6 Ba6 49. c4 f6 50. Kxd3 fxe5 51. fxe5 Kf8 52. Kd4 Ke7
53. Kd5 Kd7 54. e6+ Ke7 55. Ke5 Bxc4 56. Nxc4 b5 57. Na5 a6 58. b4 1-0

[Event "XV Konik Morski Rewala - Open B"]
[Site "Rewal"]
[Date "2010.08.27"]
[Round "8.48"]
[White "Bieniek, Kazimierz"]
[Black "Rabeda, Grzegorz"]
[Result "1-0"]
[WhiteElo "1696"]
[BlackElo "1520"]
[PlyCount "117"]
[EventDate "2010.??.??"]

1. e4 e6 2. d4 d5 3. Nc3 Nf6 4. Bg5 Be7 5. e5 Nfd7 6. h4 h6 7. Bxe7 Qxe7 8. Qg4
g6 9. O-O-O Nc6 10. Nh3 Nf8 11. Nf4 Bd7 12. Qg3 O-O-O 13. Kb1 Qb4 14. Nb5 a6
15. c3 Qa5 16. Na3 b5 17. Nc2 Qb6 18. Qd3 Na5 19. g3 Bc6 20. Qf3 Nd7 21. Nd3
Rhf8 22. Ncb4 Bb7 23. Qe3 h5 24. Bg2 Nc4 25. Qe2 a5 26. Nc2 a4 27. b3 axb3 28.
axb3 Na5 29. Kb2 c6 30. Ra1 Kc7 31. Ra2 Ra8 32. Rha1 Nc4+ 33. bxc4 Rxa2+ 34.
Rxa2 bxc4+ 35. Ndb4 c5 36. dxc5 Nxc5 37. Bf1 Bc6 38. Kc1 Na4 39. Kd2 Bd7 40.
Qe3 Nc5 41. Bg2 f6 42. exf6 Kb7 43. Rb2 Rxf6 44. f4 Ba4 45. Ke2 Bb3 46. Nd4 Kc8
47. Nxb3 cxb3 48. Rxb3 Qb5+ 49. Kf2 Nxb3 50. Qe5 Rf5 51. Qxe6+ Qd7 52. Qa6+ Kd8
53. Nc6+ Ke8 54. Ne5 Rxe5 55. fxe5 Qf5+ 56. Kg1 Qxe5 57. Qb5+ Ke7 58. Qxb3 d4
59. Qb4+ 1-0

[Event "XV Konik Morski Rewala - Open B"]
[Site "Rewal"]
[Date "2010.08.27"]
[Round "8.50"]
[White "Kowalski, Maciej"]
[Black "Krzysztofiak, Zdzislaw"]
[Result "0-1"]
[WhiteElo "1649"]
[BlackElo "1664"]
[PlyCount "102"]
[EventDate "2010.??.??"]

1. e4 e5 2. d4 exd4 3. Qxd4 Nc6 4. Qe3 Nf6 5. Nc3 Bb4 6. Bd2 d6 7. f3 O-O 8.
O-O-O Re8 9. h3 a5 10. g4 Be6 11. a3 Bc5 12. Qe2 Ne5 13. Qg2 Nc4 14. Bxc4 Bxc4
15. h4 b5 16. Nb1 b4 17. a4 b3 18. c3 Nd7 19. h5 Ne5 20. Bf4 Nd3+ 21. Rxd3 Bxd3
22. g5 g6 23. hxg6 fxg6 24. Qh3 Re7 25. Nd2 Qf8 26. Bg3 Be3 27. Qh4 Qe8 28. e5
d5 29. Kd1 Rb8 30. Ne2 Bc2+ 31. Ke1 c5 32. e6 Rb6 33. Nf4 Bxf4 34. Bxf4 Rbxe6+
35. Kf2 Qxa4 36. c4 Re2+ 37. Kg3 Rxd2 38. Bxd2 Qxc4 39. Qxc4 dxc4 40. Bxa5 Re3
41. Kf4 Rd3 42. Ke5 Rxf3 43. Kd5 Rf5+ 44. Kxc4 Rxg5 45. Bb6 Rg4+ 46. Kxc5 h5
47. Bd8 Kf7 48. Rf1+ Ke6 49. Re1+ Kf5 50. Rf1+ Ke4 51. Kc4 Bd3+ 0-1

[Event "XV Konik Morski Rewala - Open B"]
[Site "Rewal"]
[Date "2010.08.28"]
[Round "9.1"]
[White "Janus, Przemyslaw"]
[Black "Koziej, Maciej"]
[Result "1/2-1/2"]
[WhiteElo "2085"]
[BlackElo "2025"]
[PlyCount "23"]
[EventDate "2010.??.??"]

1. d4 Nf6 2. c4 g6 3. Nc3 d5 4. Bg5 Ne4 5. Nxe4 dxe4 6. e3 Bg7 7. Ne2 c5 8. Qc2
Nc6 9. dxc5 Qa5+ 10. Nc3 O-O 11. Be2 f5 12. O-O 1/2-1/2

[Event "XV Konik Morski Rewala - Open B"]
[Site "Rewal"]
[Date "2010.08.28"]
[Round "9.2"]
[White "Kaczmarek, Aleksander"]
[Black "Nowak, Ryszard"]
[Result "1-0"]
[WhiteElo "2012"]
[BlackElo "2091"]
[PlyCount "53"]
[EventDate "2010.??.??"]

1. e4 c6 2. d4 d5 3. Nc3 g6 4. e5 h5 5. f4 Nh6 6. Nf3 Bg4 7. Bd3 Qb6 8. Na4
Qa5+ 9. c3 Bxf3 10. gxf3 e6 11. Be3 Be7 12. Nc5 Qc7 13. Qc2 Bxc5 14. dxc5 Nf5
15. Bf2 Nd7 16. Rg1 b6 17. cxb6 axb6 18. Qe2 Ra4 19. b4 Qa7 20. Qb2 Ra3 21.
Bxf5 gxf5 22. Bh4 d4 23. Qg2 Nf8 24. Qg5 Qd7 25. Rd1 Rxc3 26. Rxd4 Rg8 27. Qd8+
1-0

[Event "XV Konik Morski Rewala - Open B"]
[Site "Rewal"]
[Date "2010.08.28"]
[Round "9.3"]
[White "Zakrzewski, Marek"]
[Black "Gonsior, Monika"]
[Result "1-0"]
[WhiteElo "1991"]
[BlackElo "2087"]
[PlyCount "95"]
[EventDate "2010.??.??"]

1. e4 d6 2. d4 g6 3. f4 Bg7 4. Nf3 c5 5. Nc3 cxd4 6. Nxd4 Nc6 7. Be3 Nf6 8. Be2
Qa5 9. O-O O-O 10. Nb3 Qd8 11. h3 a6 12. Bf3 Rb8 13. Qd2 Bd7 14. Nd5 b5 15.
Rad1 a5 16. Nxf6+ Bxf6 17. e5 Bg7 18. exd6 e5 19. Bxc6 Bxc6 20. Nxa5 Bd7 21.
Nb3 exf4 22. Bd4 Bh6 23. Be5 g5 24. Nc5 f6 25. Qd5+ Kh8 26. Bd4 Rc8 27. Rfe1
Bc6 28. Qe6 Bg7 29. Qe7 Re8 30. Qxd8 Rexd8 31. Bc3 f3 32. d7 Rb8 33. Ne6 Rxd7
34. Rxd7 Bxd7 35. Nxg7 Kxg7 36. Re7+ Kg6 37. Rxd7 fxg2 38. Rd6 b4 39. Rxf6+ Kh5
40. Bd2 Rc8 41. Bxb4 Rxc2 42. Rf2 Rc4 43. Bc3 Kh4 44. Kxg2 h5 45. Rd2 Rc6 46.
Rd5 Re6 47. Bd2 g4 48. Bg5# 1-0

[Event "XV Konik Morski Rewala - Open B"]
[Site "Rewal"]
[Date "2010.08.28"]
[Round "9.4"]
[White "Ziebinski, Bartosz"]
[Black "Szczecina, Michal"]
[Result "1/2-1/2"]
[WhiteElo "1954"]
[BlackElo "2100"]
[PlyCount "159"]
[EventDate "2010.??.??"]

1. e4 c6 2. d4 d5 3. Nc3 dxe4 4. Nxe4 Bf5 5. Ng3 Bg6 6. h4 h6 7. f4 e6 8. Nf3
Nd7 9. h5 Bh7 10. Bd3 Bxd3 11. Qxd3 Qc7 12. Bd2 O-O-O 13. Qe2 Ngf6 14. O-O-O c5
15. Ne5 Nb6 16. Be3 Nbd5 17. dxc5 Nxe3 18. Qxe3 Bxc5 19. Qf3 Nd5 20. Kb1 Bd6
21. Rde1 Nb4 22. c3 Bxe5 23. Rxe5 Nd3 24. Re4 Qb6 25. Re2 Nc5 26. Rc1 Rd3 27.
Qg4 Qd8 28. f5 Qg5 29. Qc4 Qxg3 30. Qxc5+ Qc7 31. Qxc7+ Kxc7 32. fxe6 fxe6 33.
Rxe6 Rf8 34. Re7+ Rd7 35. Rce1 Rf2 36. R1e2 Rf5 37. g4 Rg5 38. Rxd7+ Kxd7 39.
Re4 g6 40. hxg6 Rxg6 41. Kc2 Rg5 42. Ra4 a6 43. Rb4 Kc7 44. a4 h5 45. gxh5 Rxh5
46. Rd4 Rh2+ 47. Rd2 Rh4 48. b4 Rh3 49. Rd5 Rh1 50. Rc5+ Kd6 51. a5 Ra1 52. Kb3
Rb1+ 53. Kc4 Rh1 54. Rg5 Rh4+ 55. Kb3 Kc6 56. Rg6+ Kc7 57. Rb6 Rh5 58. Rg6 Rf5
59. Kc4 Rf4+ 60. Kb3 Rf5 61. Rg4 Rh5 62. c4 Rh1 63. Rg2 Kc6 64. Kc3 Rh3+ 65.
Kb2 Rf3 66. Rc2 Rh3 67. Rc3 Rh2+ 68. Kb3 Rh1 69. Rg3 Rb1+ 70. Kc3 Rc1+ 71. Kd4
Rd1+ 72. Rd3 Rb1 73. Kc3 Rc1+ 74. Kb3 Rb1+ 75. Ka4 Ra1+ 76. Ra3 Rb1 77. Rd3
Ra1+ 78. Kb3 Rb1+ 79. Ka3 Re1 80. Rf3 1/2-1/2

[Event "XV Konik Morski Rewala - Open B"]
[Site "Rewal"]
[Date "2010.08.28"]
[Round "9.5"]
[White "Dowgird, Filip"]
[Black "Bednarski, Dawid"]
[Result "1-0"]
[WhiteElo "2096"]
[BlackElo "1822"]
[PlyCount "127"]
[EventDate "2010.??.??"]

1. e4 c5 2. Nf3 Nc6 3. Bb5 d6 4. O-O Bd7 5. Re1 g6 6. c3 Bg7 7. h3 e5 8. a3
Nge7 9. b4 O-O 10. Bb2 a6 11. Bf1 b5 12. d3 h6 13. Nbd2 Kh7 14. Qe2 cxb4 15.
axb4 f5 16. Nb3 Be6 17. Nfd2 Qb6 18. Qe3 Qxe3 19. fxe3 fxe4 20. dxe4 Nc8 21.
Bxb5 Nb8 22. Bc4 Bd7 23. Bd5 Ra7 24. Nc4 Bc6 25. Bxc6 Nxc6 26. Rf1 Rd8 27. Nba5
N8e7 28. Rfd1 d5 29. exd5 Rxd5 30. Rxd5 Nxd5 31. Rd1 Nce7 32. e4 Nf4 33. h4 g5
34. hxg5 hxg5 35. g3 Nh5 36. Kf2 Ra8 37. Bc1 Rf8+ 38. Kg2 g4 39. Bg5 Ng8 40.
Rd3 Kg6 41. Bh4 Kh7 42. Nb7 Nh6 43. Nc5 Rc8 44. Rd8 Rc6 45. Rd7 Kg6 46. Rd6+
Rxd6 47. Nxd6 Nf4+ 48. Kf2 Kh5 49. Nxa6 Bf8 50. Nc4 Nf7 51. b5 Ne6 52. Bf6 Nd6
53. Nxd6 Bxd6 54. Ke2 Kg6 55. Bh4 Kf7 56. b6 Nc5 57. Nxc5 Bxc5 58. Bd8 Ke8 59.
Bc7 Kd7 60. Kd3 Bf2 61. Bxe5 Bxb6 62. Bd4 Bc7 63. e5 Ke6 64. Ke4 1-0

[Event "XV Konik Morski Rewala - Open B"]
[Site "Rewal"]
[Date "2010.08.28"]
[Round "9.6"]
[White "Kuspak, Aleksander"]
[Black "Tobolski, Jakub"]
[Result "0-1"]
[WhiteElo "1832"]
[BlackElo "2073"]
[PlyCount "60"]
[EventDate "2010.??.??"]

1. e4 e5 2. Nf3 Nf6 3. Nc3 Nc6 4. a3 a6 5. d4 exd4 6. Nxd4 d6 7. Bc4 Be7 8. O-O
O-O 9. Nxc6 bxc6 10. h3 Be6 11. Bd3 Nd7 12. g4 d5 13. f4 Bc5+ 14. Kh2 dxe4 15.
Bxe4 f5 16. Bxc6 fxg4 17. Ne4 Qh4 18. Qd3 Rad8 19. Qg3 Qh5 20. Be3 Be7 21. Ng5
Bc4 22. Rfe1 h6 23. Bc1 Bf6 24. Ne4 Bh4 25. Qc3 Bxe1 26. Qxc4+ Kh8 27. Qf1 Ne5
28. Ba4 Rd1 29. Qg2 Nf3+ 30. Qxf3 gxf3 0-1

[Event "XV Konik Morski Rewala - Open B"]
[Site "Rewal"]
[Date "2010.08.28"]
[Round "9.7"]
[White "Czernicki, Bogdan"]
[Black "Szydlowska-Duda, Marta"]
[Result "0-1"]
[WhiteElo "1960"]
[BlackElo "2063"]
[PlyCount "134"]
[EventDate "2010.??.??"]

1. d4 d5 2. Nf3 Nf6 3. Bf4 c5 4. e3 Nc6 5. c3 Qb6 6. Qc1 Bf5 7. Nbd2 Rc8 8. Be2
cxd4 9. Nxd4 Nxd4 10. exd4 e6 11. O-O Be7 12. h3 O-O 13. Be5 Nd7 14. Bh2 f6 15.
g4 Bg6 16. Bf3 Bd6 17. Bg2 Bxh2+ 18. Kxh2 Qd6+ 19. Kg1 e5 20. Nb3 e4 21. f3 f5
22. gxf5 Rxf5 23. fxe4 Rxf1+ 24. Qxf1 Rf8 25. Qe2 Bxe4 26. Bxe4 dxe4 27. Rf1
Qg3+ 28. Qg2 Qe3+ 29. Kh2 Rf3 30. Nd2 Qf4+ 31. Kg1 Rxf1+ 32. Nxf1 Nf6 33. Qg3
g5 34. Kg2 Kf7 35. c4 h5 36. h4 Ng4 37. hxg5 Qxg5 38. Qc7+ Kg6 39. Qd6+ Nf6+
40. Qg3 h4 41. Qxg5+ Kxg5 42. Ne3 Kf4 43. Nc2 e3 44. d5 Ke4 45. Ne1 Kd4 46.
Nf3+ Kxc4 47. d6 Kd3 48. Nxh4 e2 49. Nf3 Kc2 50. Nd4+ Kd1 51. Nf3 e1=Q 52. Nxe1
Kxe1 53. Kf3 Kd2 54. Kf4 Kc2 55. Ke5 Nd7+ 56. Ke6 Nb6 57. b4 Kc3 58. d7 Nxd7
59. Kxd7 Kxb4 60. Kc7 b5 61. Kc6 a5 62. Kb6 a4 63. Ka6 a3 64. Kb6 Kc4 65. Ka5
b4 66. Ka4 Kc3 67. Kb5 b3 0-1

[Event "XV Konik Morski Rewala - Open B"]
[Site "Rewal"]
[Date "2010.08.28"]
[Round "9.8"]
[White "Szmidt, Przemyslaw"]
[Black "Ostrowska, Dominika"]
[Result "1/2-1/2"]
[WhiteElo "2033"]
[BlackElo "1930"]
[PlyCount "185"]
[EventDate "2010.??.??"]

1. e4 e5 2. Nf3 Nc6 3. Bb5 a6 4. Ba4 Nf6 5. Qe2 b5 6. Bb3 Be7 7. c3 d6 8. h3
Na5 9. Bc2 c5 10. d4 Qc7 11. d5 c4 12. O-O O-O 13. Re1 Nd7 14. Nbd2 f5 15. exf5
Nb6 16. f6 Bxf6 17. Ne4 Nxd5 18. Neg5 g6 19. Be4 Nb6 20. Bxa8 Nxa8 21. Be3 Nb6
22. Ne4 Bg7 23. Bxb6 Qxb6 24. Qd2 Nb7 25. Qd5+ Kh8 26. Nfg5 Qc7 27. Rad1 Qe7
28. Nf3 Be6 29. Qc6 d5 30. Neg5 Bg8 31. h4 Nc5 32. Nxe5 Bxe5 33. Rxe5 Qxe5 34.
Qxc5 Re8 35. Nf3 Qf6 36. Qd4 Kg7 37. Qxf6+ Kxf6 38. Nd4 Re4 39. g3 Bf7 40. f3
Re8 41. Kf2 Rb8 42. a3 Rb6 43. Nc2 a5 44. g4 Ke5 45. Ke3 Be6 46. Rh1 h6 47. f4+
Kf6 48. g5+ hxg5 49. hxg5+ Kg7 50. Kd4 Rb8 51. Kc5 Rc8+ 52. Kb6 a4 53. Re1 Bf5
54. Nd4 Be4 55. Nxb5 Rf8 56. Rf1 Kf7 57. Kc5 Ke6 58. Nc7+ Kf5 59. Kd4 Rb8 60.
Rf2 Rd8 61. Na6 Kg4 62. Nc5 Kg3 63. Rd2 Rf8 64. Ne6 Re8 65. Nc7 Re7 66. Na6
Kxf4 67. Nc5 Bf3 68. Nxa4 Kxg5 69. Nb6 Kf4 70. a4 g5 71. Kc5 g4 72. Kd6 Ra7 73.
Rd4+ Kf5 74. Nxd5 Rxa4 75. Ne3+ Kg5 76. b4 Ra1 77. Nxc4 g3 78. Rd3 g2 79. Nd2
Rf1 80. Rxf3 g1=Q 81. Nxf1 Qb6+ 82. Ke5 Qc7+ 83. Ke4 Qc4+ 84. Ke3 Qxc3+ 85. Kf2
Qxb4 86. Ng3 Qd2+ 87. Ne2 Qb2 88. Re3 Qb6 89. Kf3 Qf6+ 90. Kg2 Qc6+ 91. Kf2 Qb6
92. Kf3 Qf6+ 93. Kg2 1/2-1/2

[Event "XV Konik Morski Rewala - Open B"]
[Site "Rewal"]
[Date "2010.08.28"]
[Round "9.9"]
[White "Krajewicz, Pawel"]
[Black "Mirski, Michal"]
[Result "1-0"]
[WhiteElo "2005"]
[BlackElo "1700"]
[PlyCount "67"]
[EventDate "2010.??.??"]

1. d4 f5 2. g3 g6 3. Bg2 Nf6 4. Nh3 Bg7 5. Nf4 O-O 6. h4 d6 7. d5 c6 8. h5 Nxh5
9. Nxh5 gxh5 10. Nc3 Bd7 11. Rxh5 Be8 12. Rh1 Bg6 13. Bh6 Qb6 14. Bxg7 Kxg7 15.
Qd2 Nd7 16. e3 Ne5 17. O-O-O c5 18. Bf1 a6 19. Ne2 Rac8 20. Nf4 Rf7 21. Be2 c4
22. Qc3 Kg8 23. Bh5 Bxh5 24. Rxh5 Kf8 25. Rdh1 Ke8 26. Rxh7 Rxh7 27. Rxh7 Kd7
28. Kb1 Qc5 29. a3 b5 30. Qd4 Qc7 31. Ne6 Qb7 32. f4 Ng6 33. Rg7 Nh8 34. Qf6
1-0

[Event "XV Konik Morski Rewala - Open B"]
[Site "Rewal"]
[Date "2010.08.28"]
[Round "9.10"]
[White "Karcz, Bartlomiej"]
[Black "Poswiatowski, Michal"]
[Result "1-0"]
[WhiteElo "1988"]
[BlackElo "1925"]
[PlyCount "61"]
[EventDate "2010.??.??"]

1. e4 c5 2. Nf3 d6 3. d4 cxd4 4. Nxd4 Nf6 5. Nc3 Bd7 6. Bc4 a6 7. Bb3 e5 8.
Nde2 Bc6 9. Ng3 Nbd7 10. f4 Nc5 11. Qf3 Qa5 12. O-O Nxb3 13. cxb3 Rd8 14. fxe5
dxe5 15. Bg5 Rd7 16. Bxf6 gxf6 17. Qxf6 Rg8 18. Rad1 Rg6 19. Qf5 Bc5+ 20. Kh1
Bd4 21. Nh5 Kd8 22. Nf6 Rd6 23. Nxh7 Bb5 24. Nxb5 Qxb5 25. Qxf7 Qe2 26. Qf3
Qxb2 27. Rc1 Rg8 28. Nf6 Rg6 29. Qh3 Bb6 30. Qc8+ Ke7 31. Qe8# 1-0

[Event "XV Konik Morski Rewala - Open B"]
[Site "Rewal"]
[Date "2010.08.28"]
[Round "9.11"]
[White "Jacel, Lukasz"]
[Black "Slabek, Grzegorz"]
[Result "1/2-1/2"]
[WhiteElo "1927"]
[BlackElo "2065"]
[PlyCount "116"]
[EventDate "2010.??.??"]

1. e4 d5 2. exd5 Nf6 3. Bb5+ Bd7 4. Bc4 b5 5. Bb3 Bg4 6. f3 Bc8 7. Ne2 Bb7 8.
O-O Nxd5 9. d4 e6 10. Nbc3 a6 11. Ne4 Nd7 12. Nf4 Be7 13. c3 O-O 14. Nxd5 Bxd5
15. Bc2 c5 16. dxc5 Nxc5 17. Be3 Nxe4 18. fxe4 Bc4 19. Rf2 e5 20. Rd2 Qc8 21.
Rd7 Bc5 22. Bxc5 Qxc5+ 23. Kh1 Qf2 24. Qd2 Qxd2 25. Rxd2 Rfd8 26. Rad1 Rxd2 27.
Rxd2 Bxa2 28. b3 Rc8 29. Rd1 Kf8 30. Ra1 Bxb3 31. Bxb3 Rxc3 32. Bd5 a5 33. h3
a4 34. Rb1 Rc5 35. Kg1 Ke7 36. Kf1 f5 37. Ke2 Kd6 38. Kd3 Kc7 39. Bg8 fxe4+ 40.
Kxe4 h6 41. Bd5 Kb6 42. Kxe5 Ka5 43. Kd4 Rc7 44. Ra1 g5 45. Ra2 Rc1 46. Be6 b4
47. Bb3 a3 48. Bc2 Kb5 49. Kd3 Kc5 50. Kd2 Rg1 51. Be4 Kd4 52. Bf3 Rf1 53. Kc2
Re1 54. Kb3 Kc5 55. Rc2+ Kb5 56. Be2+ Ka5 57. Bd3 Rb1+ 58. Ka2 Rd1 1/2-1/2

[Event "XV Konik Morski Rewala - Open B"]
[Site "Rewal"]
[Date "2010.08.28"]
[Round "9.12"]
[White "Matuszczyk, Przemyslaw"]
[Black "Miechowicz, Witold"]
[Result "1-0"]
[WhiteElo "2059"]
[BlackElo "1935"]
[PlyCount "81"]
[EventDate "2010.??.??"]

1. b3 e5 2. Bb2 Nc6 3. e3 d5 4. Ne2 Bf5 5. d3 Bb4+ 6. Nd2 Nf6 7. h3 Qe7 8. a3
Bd6 9. g3 O-O 10. Bg2 a5 11. O-O Rfe8 12. Re1 Rad8 13. Nf1 Nb8 14. g4 Bc8 15.
f4 c6 16. Qd2 b6 17. Neg3 Rf8 18. Qf2 Ne8 19. f5 Bb7 20. Nd2 Nd7 21. Nf3 f6 22.
h4 Rf7 23. g5 Nf8 24. g6 hxg6 25. fxg6 Nxg6 26. h5 Nh8 27. Nf5 Qc7 28. N3h4 Bc8
29. Bh3 Kf8 30. Ng6+ Kg8 31. Kh1 Bxf5 32. Bxf5 e4 33. Rg1 Be5 34. Nxe5 fxe5 35.
Be6 Nf6 36. Qxf6 Kf8 37. Qg5 d4 38. Bxf7 Nxf7 39. Qxg7+ Ke7 40. Rg5 Rf8 41. Rf1
1-0